000
00324nam a2200145Ia 4500
008
230718s9999 xx 000 0 und d
041
_a
Eng.
082
_a
345.42
_b
GUL-J
100
_a
Gulam,Anwar
245
0
_a
Juvenile Laws
260
_a
Pakistan
_b
Manzoor law book
_c
2004
300
_a
92
650
_a
Law
999
_c
30314
_d
30314